Αποτύπωση του εκπαιδευτικού συστήματος σε επίπεδο σχολικών μονάδων
Saved in:
| Other Authors: | , , |
|---|---|
| Format: | Book |
| Language: | Greek |
| Published: |
Αθήνα :
Κέντρο Εκπαιδευτικής Έρευνας,
2006
|
| Edition: | 2 εκδ. |
| Subjects: | |
| Tags: |
Add Tag
No Tags, Be the first to tag this record!
|
MARC
| LEADER | 00000cam a2200000 i 4500 | ||
|---|---|---|---|
| 001 | 1/39425 | ||
| 008 | 061215s2006 gre d | ||
| 020 | |a 960-541-116-4 | ||
| 035 | |l 10086587 | ||
| 040 | |a GR-MY-UA |b gre |e aacr | ||
| 041 | 0 | |a gre | |
| 082 | 0 | |a 370.72 |2 (22) | |
| 245 | 1 | 0 | |a Αποτύπωση του εκπαιδευτικού συστήματος σε επίπεδο σχολικών μονάδων / |c επιστημονικός υπεύθυνος του έργου: Βασίλης Κουλαϊδης ; συγγραφή: Αναστασία Κότσιρα |
| 250 | |a 2 εκδ. | ||
| 260 | |a Αθήνα : |b Κέντρο Εκπαιδευτικής Έρευνας, |c 2006 | ||
| 300 | |a 328 σ.; |c 24 εκ. | ||
| 650 | 0 | 0 | |a Education, Elementary |z Greece |x Aims and objectives. |
| 650 | 0 | 0 | |a Education |z Greece |x Evaluation. |
| 650 | 0 | 0 | |a Education |x Evaluation. |
| 650 | 0 | 0 | |a Education, Higher |z Greece |x Aims and objectives. |
| 700 | 1 | |a Κουλαϊδής, Βασίλης. | |
| 700 | 1 | |a Κότσιρα, Αναστασία. | |
| 700 | 1 | |a Αποστολόπουλος, Κωνσταντίνος Δ. | |
| 852 | |a INST |b RHODES |e 20061215 |h 370.72 ΑΠΟ |p 005400023731 |q 005400023731 |t BK |y 0 | ||
| 901 | |a BIBL4-2006-3 | ||
| 909 | |a Ρ |b 127367 | ||
| 970 | |a ΜΙΣΣΟΣ |b ΣΤΑΥΡΟΣ |z 2006/12/15 | ||